| 000 | 00572nam a22001697a 4500 | ||
|---|---|---|---|
| 005 | 20250129111548.0 | ||
| 008 | 250129b |||||||| |||| 00| 0 eng d | ||
| 041 | _aeng | ||
| 082 |
_a712 _bASW |
||
| 100 |
_aAswalkar Sejal _9211186 |
||
| 245 | _aMumbai Central Park: Reactivating Urban Spaces Through Masterplan Proposal For Mahalaxmi Rececources, Mumbai | ||
| 260 |
_aPune _bBNCA M Arch Landscape Architecture _c28/01/2025 |
||
| 300 |
_a50pages _bPb _c29.5 x 29.5 |
||
| 365 |
_aINR _b150.00 _cRupaye |
||
| 500 | _aBNCA M Arch Landscape Architecture Thesis | ||
| 942 | _cPR | ||
| 999 |
_c364914 _d364914 |
||